Controle externo : (Record no. 940)

MARC details
000 -LÍDER
Campo Fixo de Controle 01201nam a2200301 a 4500
001 - NÚMERO DE CONTROLE
Campo de Controle 940
003 - IDENTIFICAÇÃO DO NÚMERO DE CONTROLE
Campo de Controle BR-CuiBMT
005 - DATA E HORA DA ÚLTIMA ATUALIZAÇÃO
Campo de Controle 20231123201314.0
008 - DADOS FIXOS
Dados Fixos 231123s2016 prba 000 0 por d
020 ## - INTERNATIONAL STANDARD BOOK NUMBER
Nº do ISBN 9788585718091
040 ## - AGÊNCIA CATALOGADORA
Código da Agência Catalogadora BR-CuiBMT
Agência que transcreveu o registro BR-CuiBMT
080 ## - Nº DA CLASSIFICAÇÃO DECIMAL UNIVERSAL
Nº edição CDU 2007
Nº Class. CDU 35.078.3
090 ## - NÚMERO DE CHAMADA
Nº classificação 35.078.3
Cutter C764
245 00 - TÍTULO PRINCIPAL
Título principal Controle externo :
Subtítulo coletânea de artigos nas diversas áreas da administração pública: administração municipal, atos de pessoal, contabilidade, licitações e contratos, obras públicas, transferências voluntárias.
Indicação de responsabilidade [organização: Caroline Gasparin Lichtensztejn, Yarusya Rohrich da Fonseca]
260 ## - PUBLICAÇÃO, DISTRIBUIÇÃO, ETC.
Local de publicação Curitiba:
Editora TCEPR,
Data 2016.
300 ## - DESCRIÇÃO FÍSICA
N. páginas ou volumes 445 p. :
Ilustrações il.
Dimensões 21 cm
504 ## - NOTA DE BIBLIOGRAFIA, ETC.
Nota de bibliografia inclui bibliografia.
650 ## - ASSUNTO TÓPICO
Cabeçalho tópico ou nome geográfico Finanças públicas
Subdivisão geral auditoria
650 ## - ASSUNTO TÓPICO
Cabeçalho tópico ou nome geográfico Contabilidade pública
Subdivisão geográfica Brasil
650 ## - ASSUNTO TÓPICO
Cabeçalho tópico ou nome geográfico Administração pública
Subdivisão geográfica Brasil
650 ## - ASSUNTO TÓPICO
Cabeçalho tópico ou nome geográfico Licitação pública
650 ## - ASSUNTO TÓPICO
Cabeçalho tópico ou nome geográfico Contratos administrativos
650 ## - ASSUNTO TÓPICO
Cabeçalho tópico ou nome geográfico Obras públicas
700 ## - ENTRADA SECUNDÁRIA -- NOME PESSOAL
Nome pessoal Lichtensztejn, Caroline Gasparin
Cód. do termo explicativo org.
700 ## - ENTRADA SECUNDÁRIA -- NOME PESSOAL
Nome pessoal Fonseca, Yarusya Rohrich da
Cód. do termo explicativo org.
710 ## - ENTRADA SECUNDÁRIA -- ENTIDADE
Nome da entidade ou lugar Tribunal de contas do Estado do Paraná.
Unidade subordinada Escola de gestão pública
942 ## - ELEMENTOS DE ENTRADA ADICIONAIS (KOHA)
Fonte de classificação ou esquema de arquivamento Classificação Decimal Universal
Tipo de item do Koha Livros
Holdings
Estado: removido Estado: perdido Fonte de classificação ou esquema de arquivamento Estado: danificado Indisponível para empréstimo Localização permanente Localização atual Data de aquisição Total Checkouts Número de Chamada completo Código de barras Date last seen Número do exemplar Preço efetivo a partir de Tipo de item (Koha)
    Classificação Decimal Universal     Biblioteca da Escola Superior de Contas do TCE/MT Biblioteca da Escola Superior de Contas do TCE/MT 23/11/2023   35.078.3 C764 BIBTCEMT23110982 23/11/2023 Ex. 1 23/11/2023 Livros

Powered by Koha